000 00443cam a2200181ua 4500
020 _c22.00
041 _aeng
_h
082 _a632.3
_bWHE/DI
100 _aWheeler, B EJ .
245 _aDiseases in crops /
_cB E J Wheeler.
_hTextual Documents
250 _a1 /
_b.
260 _aNew Delhi :
_bOxford & IBH Publishing company ,
_c1976.
300 _a59 ; .
365 _a22.00
504 _a
942 _cBK
999 _c9460
_d9460